| 000 | 00571 a2200193 4500 | ||
|---|---|---|---|
| 999 |
_c9741 _d9741 |
||
| 022 | _INo ISSN | ||
| 050 | _aKTL19.A35SOU1978 | ||
| 100 |
_aDuncan G, _eeditor |
||
| 245 |
_aSouth African law reports: _b1978 ( 2)-November / _cGraeme Duncan et al... |
||
| 264 |
_aCape Town: _bJuta & Company, _c1978 |
||
| 300 | _a673p. : | ||
| 500 | _aSouth African Law Reports | ||
| 650 | _aLaw reports -- South Africa | ||
| 651 | _aSouth Africa | ||
| 700 |
_aBarnrt M _eeditor |
||
| 700 |
_aBuchanan J,L _eeditor |
||
| 700 |
_aFisher D,S _eeditor |
||
| 942 |
_2lcc _cSERIALS _h19 _iSOU _kKTL |
||